| 000 | 00578cam a22002051 4500 | ||
|---|---|---|---|
| 001 | af 49000321 | ||
| 003 | DLC | ||
| 005 | 20260227110914.0 | ||
| 008 | 880415s1946 gw 000 0 ger c | ||
| 010 | _aaf 49000321 | ||
| 035 | _a(OCoLC)17799434 | ||
| 040 |
_aYale Univ. Library _cMnMohC _dDLC |
||
| 042 | _apremarc | ||
| 050 | 0 | 0 |
_aPT2466.A4 _bM5 |
| 100 | 1 |
_aSchiller, Friedrich, _d1759-1805. |
|
| 245 | 1 | 0 |
_aGedichte. _c[Auswahl von Hermann Missenharter] |
| 260 |
_aStuttgart, _bCotta _c[1946] |
||
| 300 |
_a97 p. _c19 cm. |
||
| 700 | 1 |
_aMissenharter, Hermann, _d1886-1962, _eed. |
|
| 999 |
_c6569 _d6569 |
||